000 00619nam a2200265Ia 4500
005 20260121172334.0
008 008 260114s9999 xx 000 0 eng d
020 _a9783030458270
037 _aEBOOK
040 _aCRL
040 _beng
040 _cCRL
041 _2eng
041 _aeng
084 _qCRL
100 _aMohd Ma'Sum Billah
_91087215
245 0 _aIslamic FinTech
260 _bSpringer
260 _bSpringer
260 _c2021
856 _uhttps://link.springer.com/openurl?genre=book&isbn=978-3-030-45827-0
942 _cEBOOK
999 _c1652952
_d1652952